[Event "FRA-ch op-B"]
[Site "Albi"]
[Date "2022.08.13"]
[Round "1"]
[White "Bustos Salinas, Thomas"]
[Black "Muller, Matthieu"]
[Result "1-0"]
[WhiteElo "1852"]
[BlackElo "2000"]
[PlyCount "80"]
[EventDate "2022.08.13"]
[EventType "swiss"]
[EventRounds "9"]
[EventCountry "FRA"]
[SourceTitle "CBM 210 Extra"]
[Source "ChessBase"]
[SourceDate "2022.11.30"]
[SourceVersion "1"]
[SourceVersionDate "2022.11.30"]
[SourceQuality "1"]

1. d4 Nf6 2. c4 c5 3. d5 e6 4. Nc3 exd5 5. cxd5 d6 6. e4 g6 7. f4 Bg7 8. Bb5+ Nfd7 9. Be2 a6 10. a4 0-0 11. Nf3 Re8 12. 0-0 b6 13. Bd2 h6 14. Be1 Nf6 15. Bh4 Bg4 16. Nd2 Bxe2 17. Qxe2 Nbd7 18. Qf3 Qb8 19. Nc4 Nh7 20. Bg3 Ra7 21. Rfe1 Rb7 22. Re2 b5 23. Na5 Rc7 24. Nc6 Qb6 25. e5 dxe5 26. fxe5 Ng5 27. Qf1 Rxc6 28. dxc6 Qxc6 29. h4 Ne6 30. axb5 axb5 31. Rf2 b4 32. Qb5 Qxb5 33. Nxb5 Bxe5 34. Bxe5 Nxe5 35. Ra7 Rd8 36. Nc7 Ng4 37. Nxe6 fxe6 38. Rf1 Ne3 39. Re1 Rd1 40. Rxd1 Nxd1 1-0

[Event "Montaiguillon rapid 1st"]
[Site "Montagne"]
[Date "2019.09.08"]
[Round "1"]
[White "Bustos Salinas, Thomas"]
[Black "Cornette, Matthieu"]
[Result "0-1"]
[WhiteElo "1732"]
[BlackElo "2558"]
[PlyCount "60"]
[EventDate "2019.09.08"]
[EventType "swiss (rapid)"]
[EventRounds "9"]
[EventCountry "FRA"]
[SourceTitle "EXT 2020"]
[Source "ChessBase"]
[SourceDate "2019.10.17"]
[SourceVersion "1"]
[SourceVersionDate "2019.10.17"]
[SourceQuality "1"]

1. d4 Nf6 2. Nf3 c5 3. d5 b5 4. Bg5 Qb6 5. a4 b4 6. e3 h6 7. Bxf6 Qxf6 8. c3 g5 9. h3 Bg7 10. e4 d6 11. Bb5+ Nd7 12. Qc2 0-0 13. 0-0 a5 14. Bxd7 Bxd7 15. e5 dxe5 16. Nbd2 Bf5 17. Ne4 Bxe4 18. Qxe4 Qf4 19. Rfe1 Qxe4 20. Rxe4 f5 21. Rc4 Rac8 22. Rc1 bxc3 23. bxc3 Rfd8 24. Rd1 Rd6 25. g4 e6 26. gxf5 Rxd5 27. Rxd5 exd5 28. Rg4 e4 29. Nh4 Bxc3 30. Ng6 Bf6 0-1

[Event "Agneaux St Lo U16 op 21th"]
[Site "Agneaux"]
[Date "2019.07.06"]
[Round "3.2"]
[White "Jucker, Elio"]
[Black "Bustos Salinas, Thomas"]
[Result "0-1"]
[WhiteElo "1733"]
[BlackElo "1591"]
[PlyCount "50"]
[EventDate "2019.07.06"]
[EventType "swiss"]
[EventRounds "9"]
[EventCountry "FRA"]
[SourceTitle "EXT 2020"]
[Source "ChessBase"]
[SourceDate "2019.10.17"]
[SourceVersion "1"]
[SourceVersionDate "2019.10.17"]
[SourceQuality "1"]

1. e4 c5 2. a3 Nc6 3. b4 a6 4. Bb2 Qb6 5. Nc3 Nf6 6. Na4 Qc7 7. Nxc5 d6 8. Bxf6 dxc5 9. Bc3 e5 10. Rb1 b5 11. Nf3 Bb7 12. d3 Rd8 13. bxc5 Bxc5 14. Bb4 Nd4 15. Nxd4 Rxd4 16. Qd2 Bxe4 17. Bxc5 Qxc5 18. Rb4 Bf5 19. Rxd4 exd4 20. Qg5 0-0 21. g4 Qxc2 22. Be2 Qb1+ 23. Kd2 Qxh1 24. gxf5 Qxh2 25. f6 Qh6 0-1